| 000 | 00568nam a2200169 i 4500 | ||
|---|---|---|---|
| 001 | 100514 | ||
| 003 | ES-MaACL | ||
| 005 | 20230906182705.0 | ||
| 007 | t| | ||
| 008 | 050929s1970 sp ||||1| spa d | ||
| 100 | 1 |
_aMasoliver, Alexandre. _978746 |
|
| 245 | 1 | 0 |
_aOrigen y primeros años (1616-1634) de la Congregación Cisterciense de la Corona de Aragón / _cAlejandro Masoliver. |
| 260 |
_aTarragona : _bAbadía de Poblet, _c1970. |
||
| 300 |
_a120 p. ; _c24 cm. |
||
| 710 | 2 |
_aMonasterio de Santa María de Poblet. _95752 |
|
| 852 |
_aES-MaACL _jC-44052 _bR.76342 |
||
| 999 |
_c100514 _d100514 |
||